Small firms in action : (Record no. 26694)
[ view plain ]
| 000 -LEADER | |
|---|---|
| fixed length control field | 00885cam a22002655a 4500 |
| 001 - CONTROL NUMBER | |
| control field | 533368 |
| 005 - DATE AND TIME OF LATEST TRANSACTION | |
| control field | 20180510143248.0 |
| 008 - FIXED-LENGTH DATA ELEMENTS--GENERAL INFORMATION | |
| fixed length control field | 870806t1987 enk fr 001 0 eng d |
| 020 ## - INTERNATIONAL STANDARD BOOK NUMBER | |
| International Standard Book Number | 0070841802 |
| 020 ## - INTERNATIONAL STANDARD BOOK NUMBER | |
| International Standard Book Number | 9780070841802 |
| 040 ## - CATALOGING SOURCE | |
| Original cataloging agency | DLC |
| Transcribing agency | DLC |
| Modifying agency | DLC |
| -- | EG-ScBUE |
| Language of cataloging | eng |
| 043 ## - GEOGRAPHIC AREA CODE | |
| Geographic area code | e-uk--- |
| 082 04 - DEWEY DECIMAL CLASSIFICATION NUMBER | |
| Edition number | 22 |
| Classification number | 338.6420722 |
| Item number | CHI |
| 100 1# - MAIN ENTRY--PERSONAL NAME | |
| Personal name | Chisnall, Peter M. |
| 245 10 - TITLE STATEMENT | |
| Title | Small firms in action : |
| Remainder of title | case histories in entrepreneurship / |
| Statement of responsibility, etc | Peter M. Chisnall. |
| 260 ## - PUBLICATION, DISTRIBUTION, ETC. (IMPRINT) | |
| Place of publication, distribution, etc | London ; |
| -- | New York : |
| Name of publisher, distributor, etc | McGraw-Hill Book Company, |
| Date of publication, distribution, etc | c.1987. |
| 300 ## - PHYSICAL DESCRIPTION | |
| Extent | vii, 149 p. ; |
| Dimensions | 21 cm. |
| 500 ## - GENERAL NOTE | |
| General note | Includes index. |
| 650 #7 - SUBJECT ADDED ENTRY--TOPICAL TERM | |
| Topical term or geographic name as entry element | Small business |
| Geographic subdivision | Great Britain |
| General subdivision | Case studies. |
| Source of heading or term | BUEsh |
| 650 #7 - SUBJECT ADDED ENTRY--TOPICAL TERM | |
| Topical term or geographic name as entry element | New business enterprises |
| Geographic subdivision | Great Britain |
| General subdivision | Case studies. |
| Source of heading or term | BUEsh |
| 650 #7 - SUBJECT ADDED ENTRY--TOPICAL TERM | |
| Topical term or geographic name as entry element | Entrepreneurship |
| Geographic subdivision | Great Britain |
| General subdivision | Case studies. |
| Source of heading or term | BUEsh |
| 651 ## - SUBJECT ADDED ENTRY--GEOGRAPHIC NAME | |
| Source of heading or term | BUEsh |
| 653 ## - INDEX TERM--UNCONTROLLED | |
| Resource For college | BAEPS, Business Administration |
| Arrived date list | May2018 |
| 942 ## - ADDED ENTRY ELEMENTS (KOHA) | |
| Source of classification or shelving scheme | Dewey Decimal Classification |
| Withdrawn status | Item status | Source of classification or shelving scheme | Damaged status | Not for loan | Home library | Current library | Shelving location | Date acquired | Total Checkouts | Full call number | Barcode | Date last seen | Koha item type |
|---|---|---|---|---|---|---|---|---|---|---|---|---|---|
| Dewey Decimal Classification | Central Library | Central Library | First floor | 10/05/2018 | 338.6420722 CHI | 000047748 | 15/07/2025 | Book - Borrowing |